000 00483nam a22001577a 4500
008 170425b xxu||||| |||| 00| 0 eng d
020 _a9715420575
082 _21995
_aDFil 920
_bOc1
100 _920267
_aCoates, Austin
245 _aRizal:
_bmakabayan at martir/
_cAustin Coates
260 _aQuezon City:
_bUP Press,
_cc1995.
300 _axxviii, 459 p. ;
_c23 cm.
650 0 _920268
_aRizal, Jose, 1861-1896.
700 _920269
_aOcampo, Nilo S.
_eTranslator
942 _2ddc
_cDFIL
999 _c6689
_d6689